=LDR 00000nam 2200000 4500 =001 INLIS000000000005945 =005 20241015122906 =035 ##$$a 0010-0522000143 =245 1#$$a Modul Perencanaan Bisnis (Business Plan) : $b Program Kewirausahaan TPL Beasiswa /$c Kementrian Perindustrian =110 #$$a INDONESIA =250 ##$$a Cet. 1 =300 ##$$a 364 halaman : $b gambar;tabel;grafik ; $c 14,5x20,5 cm$e Bibliografi =856 ##$$a OPAC (Rak 10.3) =260 ##$$a Jakarta :$b Pusdiklat Kementrian Perindustrian,$c 2013 =082 ##$$a 650 =084 ##$$a 650 IND m =020 ##$$a 978-602-7887-21-3 =650 #4$$a Manajemen dan Ilmu yang Berkaitan, Bisnis =650 #4$$a Hadiah 2016 =520 ##$$a Hadiah 2016 =520 ##$$a Tujuan buku ini diharapkan dapat memahami setiap konsep dan mampu menggunakan konsep-konsep ini untuk melakukan tahapan-tahapan dalam pembuatan perencanaan bisnis, mampu membuat analisis financial maupun marketing serta berbagai analisis aspek lainnya yang berhubungan dengan perencanaan bisnis. =008 241015################g##########0#ind## =990 ##$$a 1374/H-16 =990 ##$$a 1375/H-16 =990 ##$$a 05/H-18 =990 ##$$a 1376/H-16 =990 ##$$a 1379/H-16 =990 ##$$a 1377/H-16 =990 ##$$a 1378/H-16